[Event "Foment Martinenc op-A 15th"]
[Site "Barcelona"]
[Date "2013.05.25"]
[Round "6"]
[White "Martinez Robles, David Alberto"]
[Black "Corrales Adamuz, Cristian"]
[Result "1/2-1/2"]
[WhiteElo "1869"]
[BlackElo "1859"]
[PlyCount "99"]
[EventDate "2013.04.20"]
[EventType "swiss"]
[EventRounds "9"]
[EventCountry "ESP"]
[SourceTitle "CBM 154 Extra"]
[Source "ChessBase"]
[SourceDate "2013.06.25"]
[SourceVersion "2"]
[SourceVersionDate "2013.06.25"]
[SourceQuality "1"]

1. e4 e5 2. Nf3 Nc6 3. Bc4 Bc5 4. c3 Nf6 5. d4 exd4 6. cxd4 Bb4+ 7. Bd2 Bxd2+ 8. Nbxd2 d5 9. exd5 Nxd5 10. Qb3 Be6 11. Qxb7 Ndb4 12. Bb5 0-0 13. Bxc6 Rb8 14. Qxa7 Nc2+ 15. Ke2 Nxa1 16. Rxa1 Rxb2 17. Kf1 Qd6 18. Bb7 Qb4 19. Be4 Bg4 20. Qc5 Qa4 21. Bc6 Qa6+ 22. Qc4 Qb6 23. a4 Bxf3 24. Nxf3 Rb8 25. Bb5 Qa5 26. Ne5 R2xb5 27. Qxf7+ Kh8 28. Qa2 Rb3 29. Nf7+ Kg8 30. Ne5 Qd5 31. Nf3 Qc4+ 32. Kg1 R3b4 33. Qxc4+ Rxc4 34. h3 Rcb4 35. Kh2 Rb1 36. Rxb1 Rxb1 37. g4 Ra1 38. Kg3 Rxa4 39. Kf4 c5 40. Ke4 c4 41. d5 Ra3 42. Ne5 c3 43. Kd3 Ra5 44. Kxc3 Rxd5 45. Nd3 Kf7 46. Kd2 Rd6 47. Ke3 Rh6 48. Nf4 Ra6 49. f3 Ra1 50. h4 1/2-1/2

[Event "Foment Martinenc op-A 15th"]
[Site "Barcelona"]
[Date "2013.05.04"]
[Round "3"]
[White "Martinez Robles, David Alberto"]
[Black "Bover de la Cruz, Pol"]
[Result "1/2-1/2"]
[WhiteElo "1869"]
[BlackElo "1598"]
[PlyCount "73"]
[EventDate "2013.04.20"]
[EventType "swiss"]
[EventRounds "9"]
[EventCountry "ESP"]
[SourceTitle "CBM 154 Extra"]
[Source "ChessBase"]
[SourceDate "2013.06.25"]
[SourceVersion "2"]
[SourceVersionDate "2013.06.25"]
[SourceQuality "1"]

1. e4 c5 2. c3 Nf6 3. e5 Nd5 4. d4 cxd4 5. cxd4 Nc6 6. Nf3 d6 7. Bc4 Nb6 8. Bd3 g6 9. h3 Bg7 10. Bf4 0-0 11. Bc2 Nd5 12. Bg3 Ndb4 13. Bb3 dxe5 14. Bxe5 Bxe5 15. dxe5 Nd3+ 16. Kf1 Ncxe5 17. Nxe5 Nxe5 18. Nc3 Bf5 19. Bd5 Qb6 20. Qb3 Qxb3 21. axb3 Bd3+ 22. Kg1 Ba6 23. b4 Rad8 24. f3 Nd3 25. b5 Bxb5 26. Rxa7 Ba6 27. Bxb7 Bxb7 28. Rxb7 Rb8 29. Rxe7 Rxb2 30. Re2 Rfb8 31. Kh2 Rxe2 32. Nxe2 Rb2 33. Nc3 Nf4 34. Rg1 h5 35. Nd1 Rd2 36. Nc3 h4 37. Ne4 1/2-1/2

[Event "Barcelona Sant Marti op 05th"]
[Site "Barcelona"]
[Date "2003.05.10"]
[Round "3.7"]
[White "Martinez Robles, David Alberto"]
[Black "Leiva Velasco, Antonio"]
[Result "0-1"]
[WhiteElo "1935"]
[BlackElo "2065"]
[PlyCount "87"]
[EventDate "2003.04.26"]
[EventType "swiss"]
[EventRounds "9"]
[EventCountry "ESP"]
[SourceTitle "EXT 2004"]
[Source "ChessBase"]
[SourceDate "2003.11.25"]
[SourceVersion "1"]
[SourceVersionDate "2003.11.25"]
[SourceQuality "1"]

1. e4 c5 2. Nf3 d6 3. d4 cxd4 4. Nxd4 Nf6 5. Nc3 g6 6. Be2 Bg7 7. 0-0 0-0 8. Be3 Nc6 9. Rb1 Nxd4 10. Bxd4 Be6 11. f4 Qc8 12. Qd3 Re8 13. f5 Bd7 14. fxg6 hxg6 15. Rbd1 Be6 16. b3 a6 17. Bf3 Nd7 18. Bxg7 Kxg7 19. Nd5 Ne5 20. Qd2 Bxd5 21. exd5 Qc5+ 22. Kh1 b5 23. Rde1 Rac8 24. Bd1 Qc3 25. Qf2 Rf8 26. Qf4 Rc5 27. Re3 Qd2 28. Qg3 Qxd5 29. Re2 Qd4 30. Ref2 Rc3 31. Qg5 f6 32. Qd2 Qxd2 33. Rxd2 Rfc8 34. Rf4 Nc6 35. a3 e5 36. Rf3 Rxf3 37. gxf3 Nd4 38. Kg1 Rc3 39. Rf2 a5 40. Kg2 a4 41. Rd2 Kf7 42. bxa4 bxa4 43. Rd3 Nb5 44. Rxc3 0-1

[Event "Barcelona Sant Marti op 04th"]
[Site "Barcelona"]
[Date "2002.06.01"]
[Round "9.18"]
[White "Ripolles Garcia, Carles"]
[Black "Martinez Robles, David Alberto"]
[Result "1/2-1/2"]
[WhiteElo "1915"]
[BlackElo "1860"]
[PlyCount "54"]
[EventDate "2002.04.06"]
[EventType "swiss"]
[EventRounds "9"]
[EventCountry "ESP"]
[SourceTitle "EXT 2003"]
[Source "ChessBase"]
[SourceDate "2002.11.25"]
[SourceVersion "1"]
[SourceVersionDate "2002.11.25"]
[SourceQuality "1"]

1. e4 e6 2. d4 d5 3. Nc3 dxe4 4. Nxe4 Nf6 5. Bg5 Be7 6. Bxf6 Bxf6 7. Nf3 b6 8. c3 Bb7 9. Bd3 Nd7 10. 0-0 g6 11. Nxf6+ Qxf6 12. Nd2 0-0 13. Be4 Bxe4 14. Nxe4 Qg7 15. f4 Nf6 16. Ng5 Rad8 17. Qe1 Rfe8 18. Rf3 h6 19. Ne4 Nxe4 20. Qxe4 Rd5 21. Raf1 Red8 22. Rh3 c5 23. dxc5 bxc5 24. Qe3 a5 25. f5 exf5 26. Rxh6 c4 27. Rh3 Rd3 1/2-1/2